000 00421pam a2200157a 44500
008 230515b2003 xxu||||| |||| 00| 0 eng d
020 _a81-7328-110-6
041 _aENGL
082 _a330 AGR.
100 _a"AGRAWAL A. N.,"
245 _aINDIAN ECONOMY
250 _a29
260 _aNEW DELHI
_bNULL
_c2003
300 _aNULL
650 _a"ECONOMICS,INDIAN ECONOMY,NATURAL RESOURCES,POPULATION DEVELOPMENT & POLICY"
999 _c539859
_d539859